000 00591nam a2200193Ia 4500
005 20250508165416.0
008 008 250505s9999 xx 000 0 hin d
037 _aTheses
040 _aFEDL
_beng
_cFEDL
041 _ahin
_2eng
084 _a371.97, SHA/TH
_qFEDL
100 _aSharma Sanjay
245 0 _aSamajik bahirveshan, asmita evam shiksha: Dalit samudaye ke sanderbh mein ek vyaktivret adhyayan
260 _c2013
300 _a282p.
546 _aPh. D. Thesis, (Delhi University); C D Included
942 _cTH
_h371.97, SHA/TH
999 _c1394949
_d1394949